Practiagenda Seguridad Social 2016

Detalles Bibliográficos
Autor principal: Přez Chavez, Još
Otros Autores: Fol Olguin, Raymundo
Formato: eBook
Publicado: Mexico: Tax Editores, 2016.
Materias:
Acceso en línea:Acceso restringido

MARC

LEADER 00000nam a22000007a 4500
005 20161003142051.0
007 cr|||| ||u|
008 161003s2016 Mx |||||o|||| 001 0 Spa d
020 |a 978-607-440-938-3 
035 |a 14372 
040 |a vLex  
090 |c 6255  |d 6255 
100 1 |a Přez Chavez, Još 
245 1 |a Practiagenda Seguridad Social 2016  |h [Recurso electrn̤ico] /  |c Jos ̌Přez Chavez, Raymundo Fol Olguin.  
256 |a Servicio en ln̕ea 
260 |a Mexico:  |b Tax Editores,  |c 2016. 
300 |a 1 Recurso electrn̤ico 
506 1 |a Disponible solo en los productos.  |d vLex Global  |d vLex Global (Academic Edition, excluding Law Schools)  |d vLex Global (U.S. Academic Edition, Law Schools)  |d vLex Global (U.S. Academic Edition, excluding Law Schools)  |d vLex Global (Academic Edition, Law Schools) 
650 0 4 |a Derecho laboral  |z Mx̌ico 
650 0 4 |a Seguridad social  |z Mx̌ico 
700 1 |a Fol Olguin, Raymundo 
740 0 |a vLex libros (servicio en ln̕ea) 
856 4 0 |z Acceso restringido  |u http://vlex.com/source/practiagenda-seguridad-social-2016-14372 
942 |c BOOK 
999 0 |a Labor laws and legislation 
999 0 |a Social security